[Event "Newfoundland-ch"]
[Site "Portugal Cove "]
[Date "2013.04.20"]
[Round "3"]
[White "Berson, Jordan"]
[Black "Bradbury, Dennis"]
[Result "1-0"]
[WhiteElo "2021"]
[BlackElo "1713"]
[PlyCount "79"]
[EventDate "2013.04.19"]
[EventType "swiss"]
[EventRounds "5"]
[EventCountry "CAN"]
[SourceTitle "EXT 2014"]
[Source "ChessBase"]
[SourceDate "2013.11.20"]
[SourceVersion "1"]
[SourceVersionDate "2013.11.20"]
[SourceQuality "1"]

1. d4 d5 2. c4 Nf6 3. cxd5 Nxd5 4. e4 Nb6 5. Nc3 N8d7 6. Bf4 Nf6 7. Nb5 e5 8. Bxe5 Bb4+ 9. Ke2 0-0 10. Nxc7 Bd7 11. Nxa8 Nxa8 12. f3 Re8 13. Bxf6 Qxf6 14. Qd3 Nb6 15. Kf2 a6 16. Qe3 Nd5 17. Qd3 Nc7 18. e5 Qb6 19. f4 Ne6 20. Ne2 Bb5 21. Qe3 f5 22. Rc1 Rd8 23. a3 Be7 24. Qb3 Kf8 25. Kg3 Nc7 26. h3 Qh6 27. Rxc7 Bc6 28. Qe3 g5 29. Rxe7 gxf4+ 30. Nxf4 Qg5+ 31. Kh2 Qxe7 32. Bc4 Rd6 33. Qg3 Qg7 34. Qxg7+ Kxg7 35. exd6 Kf8 36. Re1 b5 37. Bd5 Bxd5 38. Nxd5 h5 39. Re7 h4 40. d7 1-0